000 00509nam a2200181Ia 4500
008 240729s9999 xx 000 0 und d
022 _a2735-4989
245 0 _aEgyptian Journal of Agronematology
260 _aEgypt
260 _bCairo University, Faculty of Agriculture
650 _a Animal culture
650 _a Veterinary medicine
650 _a Zoology | Agriculture
650 _aScience
856 _uhttps://doaj.org/toc/4578feb7bb994978887c4fcda9ef9f5e
942 _2ddc
942 _cDOAJEJ
999 _c66385
_d66385
945 _a1
_bMadushi Gamage
_c1
_dMadushi Gamage